000 00456nam a2200181Ia 4500
001 13459
003 IN-NITTTR
005 20251114233126.0
008 251113s9999||||xx |||||||||||||| ||eng||
040 _beng
040 _cIN-NITTTR
041 _aeng
082 _a658.542 I8I
100 _aInternational Labour Office (Geneva),
245 0 _aIntroduction to work study /
_cInternational Labour Office (Geneva)
260 _aGeneva
942 _2ddc
_cBK
999 _c16095
_d16095